000 01285cam a2200145 4500500
005 20260329043111.0
041 _afre
042 _adc
100 1 0 _aChabrol, Marie
_eauthor
700 1 0 _aMonot, Alexandra
_eauthor
245 0 0 _aJe réussis en géo
260 _bArmand Colin,
_c2012.
520 _aVous vous interrogez sur la formation universitaire en géographie et ses débouchés professionnels ? Ce manuel répond à vos questions et bien d’autres. Vous y trouverez : - une présentation originale de la discipline ; - des conseils concrets pour s’adapter rapidement à l’université ; - des méthodes de travail pour réussir les partiels et assurer en TD ; - un exposé des formations et des nombreux débouchés professionnels. Conçu par des enseignants expérimentés, l’ouvrage s’adresse prioritairement aux étudiants soucieux de se donner les moyens de bien étudier, mais aussi à tous ceux qui voudraient découvrir la géographie et ses formations. Marie Chabrol est docteur et agrégée en géographie, ATER à l’Université Paris IV. Alexandra Monot est docteur et agrégée en géographie, PRAG à l’Université de Strasbourg.
856 4 1 _uhttps://shs.cairn.info/je-reussis-en-geo--9782200279165?lang=fr&redirect-ssocas=7080
999 _c1982995
_d1982995